Networking strategies for information technology
Αποθηκεύτηκε σε:
| Κύριος συγγραφέας: | |
|---|---|
| Μορφή: | Βιβλίο |
| Γλώσσα: | English |
| Δημοσίευση: |
Boston :
Artech House,
c1992
|
| Σειρά: | Artech House telecommunications library
|
| Θέματα: | |
| Ετικέτες: |
Προσθήκη ετικέτας
Δεν υπάρχουν, Καταχωρήστε ετικέτα πρώτοι!
|
MARC
| LEADER | 00000nam a2200000 i 4500 | ||
|---|---|---|---|
| 001 | 1/70996 | ||
| 008 | 990226s1992 eng d | ||
| 020 | |a 0-89006-496-2 | ||
| 035 | |l 10048230 | ||
| 040 | |a GR-MY-UA |b gre |e aacr | ||
| 041 | 0 | |a eng | |
| 082 | 0 | |a 658.0546 | |
| 100 | 1 | |a Elbert, Bruce R. | |
| 245 | 1 | 0 | |a Networking strategies for information technology / |c Bruce Elbert |
| 260 | |a Boston : |b Artech House, |c c1992 | ||
| 300 | |a xv, 257 p.; |b ill.; |c 24 cm. | ||
| 490 | 1 | |a Artech House telecommunications library | |
| 500 | |a Includes bibliographical references and index | ||
| 650 | 0 | 0 | |a Telecommunication systems |x Management. |
| 650 | 0 | 0 | |a Computer networks |x Management. |
| 830 | 0 | |a Artech House telecommunications library | |
| 852 | |a INST |b SAMOS |e 19990226 |h 658.0546 ELB |p 005300013279 |q 005300013279 |t BK |y 0 | ||
| 901 | |a BIBL-1999-1 | ||
| 909 | |a Σ |b 063054 | ||
| 922 | |a 3ΕΛΗ |b 199901 |c ΕΠΕΑΕΚ/ΜΑΘ |d GLORY | ||